|
|
|
|
| LEADER |
01547nam a22003857a 4500 |
| 001 |
40107 |
| 003 |
BD-DhAAL |
| 008 |
221126t2012 enka b 001 0 eng d |
| 999 |
|
|
|c 45091
|d 45091
|
| 010 |
|
|
|a 2013376184
|
| 015 |
|
|
|a GBB297480
|2 bnb
|
| 016 |
7 |
|
|a 016177751
|2 Uk
|
| 020 |
|
|
|a 9780857208842
|
| 020 |
|
|
|a 0857208845
|
| 020 |
|
|
|a 9780857208859 (pbk.)
|
| 020 |
|
|
|a 0857208853 (pbk.)
|
| 035 |
|
|
|a (OCoLC)ocn811741245
|
| 040 |
|
|
|a UKMGB
|b eng
|c UKMGB
|d OCLCO
|d CDX
|d J2H
|d OCLCO
|d CUS
|d MEAUC
|d DLC
|d BD-DhAAL
|
| 042 |
|
|
|a lccopycat
|
| 043 |
|
|
|a aw-----
|
| 050 |
0 |
0 |
|a JQ1850.A91
|b B69 2012
|
| 082 |
0 |
4 |
|a 320.9174927
|2 23
|
| 100 |
1 |
|
|a Bowen, Jeremy,
|d 1960-
|9 52584
|
| 245 |
1 |
4 |
|a The Arab uprisings :
|b the people want the fall of the regime /
|c Jeremy Bowen.
|
| 260 |
|
|
|a London ;
|a New York :
|b Simon & Schuster,
|c 2012.
|
| 300 |
|
|
|a 339 pages :
|b color illustrations ;
|c 24 cm.
|
| 504 |
|
|
|a Includes bibliographical references and index.
|
| 541 |
|
|
|a Donated By Akbar Ali Khan
|e 40107
|
| 650 |
|
0 |
|a Arab Spring, 2010-
|9 52585
|
| 650 |
|
0 |
|a Protest movements
|z Arab countries
|x History
|y 21st century.
|9 52586
|
| 651 |
|
0 |
|a Arab countries
|x Politics and government
|y 21st century.
|9 52587
|
| 651 |
|
0 |
|a Middle East
|x Politics and government
|y 21st century.
|9 52588
|
| 852 |
|
|
|a Ayesha Abed Library
|c Akbar Ali Khan Collection
|
| 942 |
|
|
|2 ddc
|c BK
|
| 952 |
|
|
|0 0
|1 0
|2 ddc
|4 0
|6 320_917492700000000_BOW
|7 1
|9 72405
|a BRACUL
|b BRACUL
|c AAKC
|d 2022-11-27
|e Donated by Akbar Ali Khan
|g 1845.25
|l 0
|o 320.9174927 BOW
|p 3010040107
|r 2022-11-27
|t 1
|w 2022-11-27
|y BK
|x £14.99
|